Мениджмънт - наука, изкуство, практика (Запис номер 61685)
[ съкратено ]
| 000 -Лидер | |
|---|---|
| Контролно поле с фиксирана дължина | 02047nam a2200409 c 4500 |
| 003 - Код на организацията, давaща контролен номер | |
| Контролно поле | BLK |
| 005 - Дата и час на последна редакция | |
| Контролно поле | 20200311094154.0 |
| 008 - Елементи от данни с фиксирана дължина | |
| fixed length control field | 180408b bul|||||r ||||||| ||bul|| |
| 010 ## - Наследен системен номер | |
| LC control number | KNG00065891000 |
| 040 ## - Източник на каталожния запис | |
| Идентификатор на билиотеката - собственик на записа | BLK |
| 041 ## - Код за език | |
| Код за езика на текст/звукозапис или на отделно заглавие | Български |
| Код за езика КДБФ | Български |
| 080 ## - УДК | |
| Текстов определител УДК | Методи на управление. Мениджмънт. Анализи, планиране, ръководство, сътрудничество, контрол, коопериране и др. |
| УДК код - определител по УДК | 005.5 |
| УДК определител | (035) |
| УДК - код + определител | 005.5(035) |
| 080 ## - УДК | |
| Текстов определител УДК | Форми на предприятията в зависимост от отношението към собствеността... |
| УДК код - определител по УДК | 334.72 |
| УДК определител | (035) |
| УДК - код + определител | 334.72(035) |
| 100 1# - Редна дума - Автор | |
| Автор | Силаги, Ендрю |
| Авторска отговорност | първи автор |
| R(LIN) | 120155 |
| 139 ## - Редно поле | |
| Редна дума | Силаги, Ендрю |
| Авторски знак | Сил - С 36 |
| 245 10 - Сведения за заглавието | |
| Заглавие | Мениджмънт - наука, изкуство, практика |
| Подзаглавни данни | Ч. 1 - |
| Редно поле (дума) | Ендрю Силаги. |
| Том | Ч. 4 |
| Заглавие на том | Ефективността |
| 250 ## - Област на изданието | |
| Сведения за изданието | 2. изд. |
| 257 ## - Страна на издаване | |
| Страна на създаване/издаване | Съединени американски щати |
| 260 ## - Област на издателските данни | |
| Име на издателя, разпространителя и проч. | Унив. изд. ИУ |
| Година на издаване | 1992 - |
| 300 ## - Физическа характеристика | |
| Размери/Мащаб | 17 см |
| 380 ## - Жанр | |
| Жанр | Общ отдел |
| 490 1# - СЕРИИ (Колекции) | |
| Име на серия | Библиотека на бизнесмена |
| 500 ## - Общи забележки | |
| Забележка | Ориг. загл. Menegement and Performance. - Изд. на ИУ - Варна. Висша шкжла по мениджмънт. Информ.-изд. бюро. - 1. изд. 1991-1992 на изд. Компас-принт. |
| 650 #4 - Допълнително описание по предмет – тема | |
| Основно описание – тема или топоним | Управленски труд |
| 9 (RLIN) | 244358 |
| 650 #4 - Допълнително описание по предмет – тема | |
| Основно описание – тема или топоним | Стопанско ръководство |
| 9 (RLIN) | 252182 |
| 650 #4 - Допълнително описание по предмет – тема | |
| Основно описание – тема или топоним | Ръководител |
| 9 (RLIN) | 170062 |
| 650 #4 - Допълнително описание по предмет – тема | |
| Основно описание – тема или топоним | Фирми - организация и управление |
| 9 (RLIN) | 244909 |
| 653 ## - Ключова дума – ненормативна | |
| Ключова дума | управленски труд |
| 653 ## - Ключова дума – ненормативна | |
| Ключова дума | стопанско сътрудничество |
| 653 ## - Ключова дума – ненормативна | |
| Ключова дума | фирми |
| 760 1# - Описание на основната серия | |
| Редна дума на основното описание | Силаги, Ендрю |
| Издание | 2. изд. |
| Място на издаване, издател и година | 1992 |
| Страници - том | 74 с. : със сх. |
| Забележка - том | Ориг. загл. The Effectiveness. |
| Заглавие | Ч. 4 Ефективността |
| 852 ## - Местоположение | |
| Форматна сигнатура | Цб І 25822 |
| 856 4# - Електронен адрес и достъп | |
| Електронен формат | pdf - файл |
| 856 4# - Електронен адрес и достъп | |
| Електронен формат | pdf - файл |
| 999 ## - СИСТЕМНИ КОНТРОЛНИ НОМЕРА | |
| Koha biblionumber | 61685 |
| Koha biblioitemnumber | 61685 |
| 942 ## - АРТИКУЛИ | |
| Вид на библиотечния материал | Книги |
| Скрит в OPAC | Не |
| Периодичен библиозапис | Да |
| 944 ## - СЪЗДАВАНЕ И РЕДАКЦИЯ на ЗАПИСА | |
| Създаване/Редакция | Създаване |
| Дата на регистрацията/редакция | 13.06.2004 |
| Служител, извършил регистрацията/редакцията | Милена_Ачева |
| 944 ## - СЪЗДАВАНЕ И РЕДАКЦИЯ на ЗАПИСА | |
| Създаване/Редакция | Редакция |
| Дата на регистрацията/редакция | 30.11.2012 |
| 999 ## - СИСТЕМНИ КОНТРОЛНИ НОМЕРА | |
| Koha biblioitemnumber | 61685 |
| Код за отписване | Код за изгубен артикул | Източник на класификационната схема | Код за повреда | Коз за рестрикции | Код за отдаване | Артикулен № | Име на библиотеката - собственик | Име на библиотеката, в която се намира в момента | Статус (Текущо местоположение) | Дата на вписване в системата | Местоположение - отдел | Цена в лева | Инвентарен номер | Систематично азбучна сигнатура | Баркод | Номер на екземпляра | Цена в евро | Служебна бележка | Служебен тип на артикула |
|---|---|---|---|---|---|---|---|---|---|---|---|---|---|---|---|---|---|---|---|
| Не е изгубен | Universal Decimal Classification | Не е повреден | само за читалня | ползва се в читалня | 102470 | Регионална библиотека "Любен Каравелов" Русе | Регионална библиотека "Любен Каравелов" Русе | Хранилище | 1992-01-01 | Хранилище | 0.00 | 569925 | Цб І 25822 | 120000569925 | 1 | 0.00 | Дост: Dp Вид: Д N: стар фонд Дата: 01.01.1992 | Книги | |
| Изтеглен | Не е изгубен | Universal Decimal Classification | Не е повреден | без рестрикции | заемане за дома | 102471 | Регионална библиотека "Любен Каравелов" Русе | Регионална библиотека "Любен Каравелов" Русе | Заемна - подръчен фонд | 1992-01-01 | Заемна - подръчен фонд | 9.00 | 574005 | 005.5/С 36 | 120000574005 | 2 | 4.60 | Дост: Pk Вид: Ф N: стар фонд Дата: 01.01.1992 Дата инв: 06.02.2018 Бележки инв: П2018 | Книги |